WWE 2K19 2K Showcase Matches - Statistics

General Stats
  • This quiz has been taken 226 times
  • The average score is 28 of 33
Answer Stats
Hint Answer % Correct
1. Velocity John Cena
97%
6. Summerslam 2013 John Cena
97%
5. Raw Randy Orton
95%
7. Summerslam 2013 Randy Orton
95%
10. WrestleMania XXX Randy Orton
95%
10. WrestleMania XXX Batista
92%
3. Night Of Champions 2010 The Miz
92%
9. WrestleMania XXX Triple H
92%
1. Velocity Bryan Danielson
89%
13. WrestleMania 34 Bryan Danielson
89%
2. NXT Daniel Bryan
89%
3. Night Of Champions 2010 Daniel Bryan
89%
4. Night Of Champions 2012 Daniel Bryan
89%
5. Raw Daniel Bryan
89%
6. Summerslam 2013 Daniel Bryan
89%
7. Summerslam 2013 Daniel Bryan
89%
8. Raw Daniel Bryan
89%
9. WrestleMania XXX Daniel Bryan
89%
10. WrestleMania XXX Daniel Bryan
89%
11. Extreme Rules 2014 Daniel Bryan
89%
12. WrestleMania 34 Daniel Bryan
89%
13. WrestleMania 34 Daniel Bryan
89%
4. Night Of Champions 2012 Kane
89%
11. Extreme Rules 2014 Kane
89%
12. WrestleMania 34 Kevin Owens
82%
12. WrestleMania 34 Sami Zayn
82%
12. WrestleMania 34 Shane McMahon
82%
2. NXT Chris Jericho
80%
4. Night Of Champions 2012 Kofi Kingston
77%
4. Night Of Champions 2012 R-Truth
73%
8. Raw Bray Wyatt
68%
8. Raw Jey Uso
57%
8. Raw Jimmy Uso
57%
No matching quizzes found
Score Distribution
Percent of People with Each Score
Percentile by Number Answered
Your Score History
You have not taken this quiz